01339cam a2200289Ia 450000100060000000300080000600500170001400800410003103500170007203500180008904000240010704100080013108200250013911000320016424500900019626000770028630000360036349000990039949000800049850000860057865000320066465000380069665000470073483000990078183000810088085600880096145496BD-RjUL20211209054025.0160726s1909 pau o 000 0 eng d aBD-RjUL45614 a(NNC)10762552 aMIGCLcUtOrBLWbeng aeng 223 a305 bCON 1909 2 aNational Consumers' League.14aThe consumer's control of production :bthe work of the National Consumers' League /  aPhiladelphia :bAmerican Academy of Political and Social Science,c1909. a1 online resource ([2], 83 p.).1 aSupplement to the Annals of the American Academy of Political and Social Science ;vJuly, 19091 aNineteenth Century Collections Online (NCCO): Women: Transnational Networks aReproduction of the original from the Sterling Memorial Library, Yale University. 0aChild laborzUnited States. 0aWomenxEmploymentzUnited States. 0aLabor laws and legislationzUnited States. 0aSupplement to the Annals of the American Academy of Political and Social Science ;vJuly 1909. 0aNineteenth Century Collections Online (NCCO): Women: Transnational Networks.40uhttp://www.columbia.edu/cgi-bin/cul/resolve?clio10762552zClick here for full text.